Destroyers of the Imperial Japanese Navy (IJN) in World War 2 - Statistics

General Stats
  • This quiz has been taken 138 times
  • The average score is 47 of 169
Answer Stats
Class Answer % Correct
Kagero Class Kagero
94%
Kamikaze Class Kamikaze
94%
Fubuki Class Fubuki
93%
Mutsuki Class Mutsuki
93%
| Shimakaze Class Shimakaze
93%
(Akatsuki Class) Akatsuki
91%
Minekaze Class Minekaze
90%
Matsu Class Matsu
89%
Asashio Class Asashio
88%
Hatsuharu Class Hatsuharu
88%
Shiratsuyu Class Shiratsuyu
86%
Akizuki Class Akizuki
85%
Yugumo Class Yugumo
84%
(Tachibana Class) Tachibana
81%
Yukikaze
60%
Yudachi
58%
Ayanami
51%
Shigure
51%
Arashi
49%
Isokaze
49%
Hibiki
46%
Umikaze
41%
Inazuma
40%
Kawakaze
40%
Shirayuki
40%
Ikazuchi
39%
Kisaragi
38%
Oshio
38%
Arashio
36%
Amatsukaze
35%
Hamakaze
35%
Nagatsuki
35%
Yamakaze
35%
Hatsushimo
34%
Hayate
34%
Kasumi
34%
Shiranui
34%
Yugure
33%
Kuroshio
31%
Maki
31%
Michishio
31%
Minazuki
31%
Ushio
31%
Uzuki
31%
Akigumo
30%
Asagumo
30%
Fumizuki
30%
Harukaze
30%
Hatsuyuki
30%
Tanikaze
30%
Yayoi
30%
Akebono
29%
Matsukaze
29%
Oite
29%
Shinonome
29%
Suzutsuki
29%
Uranami
29%
Minegumo
28%
Oyashio
28%
Asakaze
26%
Fuyutsuki
26%
Hatakaze
26%
Satsuki
26%
Sazanami
26%
Teruzuki
26%
Urakaze
26%
Wakaba
26%
Asagiri
25%
Hatsuzuki
25%
Isonami
25%
Miyuki
25%
Murakumo
25%
Samidare
25%
Suzukaze
25%
Tachikaze
25%
Arare
24%
Ariake
24%
Harusame
24%
Mikazuki
24%
Natsugumo
24%
Nenohi
24%
Nowaki
24%
Oboro
24%
Take
24%
Tokitsukaze
24%
Amagiri
23%
Asanagi
23%
Murasame
23%
Maikaze
21%
Mochizuki
21%
Niizuki
21%
Shikinami
21%
Takanami
21%
Yugiri
21%
Akikaze
20%
Hatsukaze
20%
Kikuzuki
20%
Okikaze
20%
Yoizuki
20%
Hagi
19%
Hanazuki
19%
Kiyoshimo
19%
Makigumo
19%
Makinami
19%
Naganami
19%
Shimotsuki
19%
Shiokaze
19%
Wakatsuki
19%
Yamagumo
19%
Yunagi
19%
Yuzuki
19%
Momi
18%
Momo
18%
Numakaze
18%
Hagikaze
16%
Harutsuki
16%
Kazagumo
16%
Natsushio
16%
Onami
16%
Sagiri
16%
Sakura
16%
Sugi
16%
Ume
16%
Yukaze
16%
Fujinami
15%
Hakaze
15%
Hamanami
15%
Hayashio
15%
Kiyonami
15%
Namikaze
15%
Nokaze
15%
Suzunami
15%
Asashimo
14%
Kashi
14%
Kishinami
14%
Kuwa
14%
Sawakaze
14%
Usugumo
14%
Akishimo
13%
Hayanami
13%
Kiri
13%
Nadakaze
13%
Natsuzuki
13%
Okinami
13%
Tamanami
13%
Yakaze
13%
Shiragumo
11%
Hayashimo
10%
Kaya
10%
Nara
9%
Tsubaki
6%
Hinoki
5%
Kaba
5%
Keyaki
5%
Nashi
5%
Yanagi
5%
Hatsuume
4%
Shii
4%
Sumire
4%
Enoki
3%
Kaki
3%
Nire
3%
Tsuta
3%
Hatsusakura
1%
Kaeda
1%
Katsura
1%
Kusunoki
1%
Odake
1%
No matching quizzes found
Score Distribution
Percent of People with Each Score
Percentile by Number Answered
Your Score History
You have not taken this quiz